[Event "Senta op 21st"]
[Site "Senta"]
[Date "2017.07.31"]
[Round "9"]
[White "Janjusevic, Branislav"]
[Black "Mrzic, Branko"]
[Result "1-0"]
[WhiteElo "1944"]
[BlackElo "1852"]
[PlyCount "79"]
[EventDate "2017.07.24"]
[EventType "swiss"]
[EventRounds "9"]
[EventCountry "SRB"]
[SourceTitle "CBM 179 Extra"]
[Source "ChessBase"]
[SourceDate "2017.08.23"]
[SourceVersion "1"]
[SourceVersionDate "2017.08.23"]
[SourceQuality "1"]

1. e4 c5 2. Nf3 Nc6 3. d4 cxd4 4. Nxd4 Qc7 5. Be3 Nf6 6. Nc3 e6 7. a3 a6 8. Be2 Ne5 9. 0-0 Nc4 10. Bxc4 Qxc4 11. Bg5 d6 12. Qd2 h6 13. Bh4 b5 14. Rad1 Bb7 15. Rfe1 Qc5 16. Nb3 Qb6 17. e5 Nd5 18. Nxd5 Bxd5 19. exd6 Kd7 20. Qf4 f6 21. Rxd5 exd5 22. Qf5+ Kc6 23. a4 Bxd6 24. c3 Qc7 25. Nd4+ Kb6 26. f4 Qb7 27. Bf2 Kc7 28. Ne6+ Kc6 29. Rd1 Be5 30. Qd3 Rad8 31. Nxd8+ Rxd8 32. fxe5 Qd7 33. Qg6 Qe6 34. Re1 Qe8 35. Qf5 Qd7 36. Qd3 Qg4 37. Qe3 d4 38. cxd4 Re8 39. Rc1+ Kd7 40. Qc3 1-0

[Event "Senta op 21st"]
[Site "Senta"]
[Date "2017.07.28"]
[Round "5"]
[White "Dzaja, Martin Zorislav"]
[Black "Mrzic, Branko"]
[Result "1-0"]
[WhiteElo "2016"]
[BlackElo "1852"]
[PlyCount "73"]
[EventDate "2017.07.24"]
[EventType "swiss"]
[EventRounds "9"]
[EventCountry "SRB"]
[SourceTitle "CBM 179 Extra"]
[Source "ChessBase"]
[SourceDate "2017.08.23"]
[SourceVersion "1"]
[SourceVersionDate "2017.08.23"]
[SourceQuality "1"]

1. e4 e6 2. d4 d5 3. Nd2 Nf6 4. e5 Nfd7 5. Bd3 c5 6. c3 Nc6 7. Ne2 Qb6 8. Nf3 f6 9. Nf4 Nd8 10. exf6 Nxf6 11. Ng5 Bd6 12. Nxh7 Kd7 13. Nxf6+ gxf6 14. Qg4 Kc6 15. Qg7 Rf8 16. 0-0 Qc7 17. Qxc7+ Kxc7 18. Ng6 Rg8 19. h4 e5 20. dxe5 fxe5 21. h5 Ne6 22. h6 Nf8 23. Nxf8 Rxf8 24. c4 e4 25. Bc2 Bf5 26. cxd5 Rae8 27. Re1 Be5 28. f3 Bd4+ 29. Be3 exf3 30. Bxd4 Rxe1+ 31. Rxe1 cxd4 32. Bxf5 f2+ 33. Kxf2 Rxf5+ 34. Ke2 Rxd5 35. Rh1 Rd8 36. h7 Rh8 37. Kd3 1-0

[Event "Senta op 21st"]
[Site "Senta"]
[Date "2017.07.24"]
[Round "1"]
[White "Tancik, Kristijan"]
[Black "Mrzic, Branko"]
[Result "1-0"]
[WhiteElo "2262"]
[BlackElo "1852"]
[PlyCount "109"]
[EventDate "2017.07.24"]
[EventType "swiss"]
[EventRounds "9"]
[EventCountry "SRB"]
[SourceTitle "CBM 179 Extra"]
[Source "ChessBase"]
[SourceDate "2017.08.23"]
[SourceVersion "1"]
[SourceVersionDate "2017.08.23"]
[SourceQuality "1"]

1. d4 Nf6 2. c4 g6 3. Nc3 d5 4. cxd5 Nxd5 5. Bd2 Bg7 6. e4 Nb6 7. Be3 Nc6 8. d5 Ne5 9. f4 Ng4 10. Bb5+ Kf8 11. Bd4 e5 12. fxe5 Nxe5 13. Bc5+ Kg8 14. Nf3 Bg4 15. 0-0 Nxf3+ 16. gxf3 Bh3 17. Rf2 Nd7 18. Be3 Ne5 19. Be2 h5 20. Bf1 Bd7 21. Qd2 a6 22. Bg5 Qe8 23. h3 Bb5 24. Nxb5 axb5 25. f4 Nc4 26. Bxc4 bxc4 27. e5 Qb5 28. a3 Qb3 29. Kh2 Kh7 30. Rc1 b5 31. Rc3 Qa4 32. Re3 Qa6 33. f5 Rae8 34. f6 Bf8 35. Rfe2 Qc8 36. e6 Bd6+ 37. Kg2 fxe6 38. Rxe6 Rxe6 39. Rxe6 Qd7 40. Qe2 Rf8 41. Qe4 Qf7 42. Bf4 Kg8 43. Bxd6 cxd6 44. Qf4 Re8 45. Qxd6 Rf8 46. Qe5 Kh8 47. Kh2 Kg8 48. d6 Qa7 49. Qe3 Qd7 50. Kg2 Rf7 51. Re4 Kh7 52. Re7 Qc6+ 53. Kg1 Qd5 54. Rxf7+ Qxf7 55. Qe7 1-0

[Event "Subotica-ch op"]
[Site "Subotica"]
[Date "2017.03.08"]
[Round "7"]
[White "Mrzic, Branko"]
[Black "Szabados, Karoly"]
[Result "1/2-1/2"]
[WhiteElo "1908"]
[BlackElo "2103"]
[PlyCount "37"]
[EventDate "2017.02.22"]
[EventType "swiss"]
[EventRounds "9"]
[EventCountry "SRB"]
[SourceTitle "CBM 177 Extra"]
[Source "ChessBase"]
[SourceDate "2017.04.27"]
[SourceVersion "1"]
[SourceVersionDate "2017.04.27"]
[SourceQuality "1"]

1. e4 e6 2. d4 d5 3. Bd3 dxe4 4. Bxe4 Nf6 5. Bf3 Be7 6. Ne2 0-0 7. 0-0 Nbd7 8. c4 e5 9. Qc2 exd4 10. Nxd4 Ne5 11. Be3 Nxf3+ 12. Nxf3 c6 13. Nc3 Qa5 14. Ne4 Bf5 15. Nxf6+ Bxf6 16. Qb3 Qc7 17. Nd4 Bg6 18. Ne2 b6 19. Nf4 1/2-1/2

[Event "Subotica-ch op"]
[Site "Subotica"]
[Date "2017.02.27"]
[Round "3"]
[White "Tomic, Zoran S"]
[Black "Mrzic, Branko"]
[Result "1-0"]
[WhiteElo "1843"]
[BlackElo "1908"]
[PlyCount "85"]
[EventDate "2017.02.22"]
[EventType "swiss"]
[EventRounds "9"]
[EventCountry "SRB"]
[SourceTitle "CBM 177 Extra"]
[Source "ChessBase"]
[SourceDate "2017.04.27"]
[SourceVersion "1"]
[SourceVersionDate "2017.04.27"]
[SourceQuality "1"]

1. c4 e5 2. g3 Nf6 3. Bg2 Bc5 4. Nc3 a6 5. a3 d6 6. e3 0-0 7. Nge2 c6 8. 0-0 Bf5 9. b4 Ba7 10. d4 Qc8 11. Re1 Bh3 12. Bh1 Nbd7 13. c5 d5 14. dxe5 Nxe5 15. Nd4 Bb8 16. Bb2 Re8 17. Na4 Nfd7 18. Qh5 Nf6 19. Qd1 Bc7 20. Ra2 Nc4 21. Ba1 h5 22. Nb2 Ne5 23. Nd3 Ng6 24. Ne2 Ne4 25. f3 Ng5 26. Nef4 h4 27. Nxg6 hxg3 28. Ngf4 gxh2+ 29. Rxh2 Bf5 30. Rg2 Qd8 31. Kf2 Kf8 32. Rh2 f6 33. Bg2 Kf7 34. Rhh1 Qe7 35. Qd2 Rad8 36. Rh5 b6 37. Bd4 b5 38. Nh3 Ne6 39. Rxf5 Nxd4 40. exd4 Qd7 41. Rh5 Rh8 42. Nhf4 Rxh5 43. Nxh5 1-0

[Event "Senta-ch"]
[Site "Senta"]
[Date "2017.02.19"]
[Round "9"]
[White "Mrzic, Branko"]
[Black "Bacsa, Zoltan"]
[Result "0-1"]
[WhiteElo "1908"]
[BlackElo "1734"]
[PlyCount "108"]
[EventDate "2017.01.20"]
[EventType "swiss"]
[EventRounds "9"]
[EventCountry "SRB"]
[SourceTitle "EXT 2018"]
[Source "ChessBase"]
[SourceDate "2017.10.13"]
[SourceVersion "1"]
[SourceVersionDate "2017.10.13"]
[SourceQuality "1"]

1. Nf3 Nf6 2. g3 d6 3. Bg2 g6 4. d4 Bg7 5. 0-0 0-0 6. c4 c6 7. Nc3 Re8 8. e4 Bg4 9. h3 Bxf3 10. Bxf3 Na6 11. Be3 Qc8 12. Kh2 Nd7 13. Qd2 Nc7 14. Rac1 a6 15. b3 c5 16. d5 b5 17. Be2 Ne5 18. f4 b4 19. Nd1 Nd7 20. Nf2 a5 21. h4 h5 22. g4 Bc3 23. Qd3 hxg4 24. Bxg4 Bf6 25. h5 Kg7 26. hxg6 Rh8+ 27. Kg2 fxg6 28. Rh1 Rxh1 29. Rxh1 Qe8 30. Bd1 Qf7 31. Bg4 Nf8 32. e5 dxe5 33. fxe5 Bxe5 34. Ne4 Bd6 35. Bh6+ Kg8 36. Qe3 Nh7 37. Rf1 Nf6 38. Bh3 a4 39. Ng5 Qe8 40. Ne6 axb3 41. Nxc7 Rxa2+ 42. Kf3 Bxc7 43. Be6+ Kh8 44. Rh1 Rh2 45. Rxh2 Bxh2 46. Qxc5 b2 47. Qxb4 Qb8 48. Qxe7 Qg3+ 49. Ke2 Qg2+ 50. Ke3 Bg1+ 51. Kf4 Qe4+ 52. Kg3 Nh5+ 53. Kh3 Qf3+ 54. Kh4 Qg3# 0-1

[Event "Senta-ch"]
[Site "Senta"]
[Date "2017.02.17"]
[Round "7"]
[White "Mrzic, Branko"]
[Black "Mak, Janos"]
[Result "1-0"]
[WhiteElo "1908"]
[BlackElo "1797"]
[PlyCount "119"]
[EventDate "2017.01.20"]
[EventType "swiss"]
[EventRounds "9"]
[EventCountry "SRB"]
[SourceTitle "EXT 2018"]
[Source "ChessBase"]
[SourceDate "2017.10.13"]
[SourceVersion "1"]
[SourceVersionDate "2017.10.13"]
[SourceQuality "1"]

1. Nf3 d5 2. b3 c5 3. Bb2 Nf6 4. g3 g6 5. Bg2 Bg7 6. 0-0 0-0 7. d3 Nc6 8. Nbd2 Re8 9. Ne5 Nxe5 10. Bxe5 Ng4 11. Bxg7 Kxg7 12. e4 dxe4 13. Nxe4 Qc7 14. Qd2 Qe5 15. Rae1 Nf6 16. Nc3 Qc7 17. Nb5 Qb6 18. a4 a6 19. Na3 Rb8 20. Qc3 Be6 21. Re5 Rec8 22. Qa1 Kg8 23. h3 Qd8 24. Qc1 Nd7 25. Re2 Nf6 26. Rfe1 Rc7 27. Qg5 Rd7 28. Qxc5 Rc8 29. Qe5 Bd5 30. Be4 Bxe4 31. dxe4 Rd1 32. Kf1 Rxe1+ 33. Rxe1 Nd7 34. Qd4 Qc7 35. Kg2 e5 36. Qe3 Nf6 37. c4 Rd8 38. Nb1 Rd4 39. Nc3 Qd6 40. Qc1 Rd3 41. Re3 Rd4 42. Qe1 Nd7 43. Nd5 Nc5 44. Qe2 Kg7 45. a5 g5 46. b4 Ne6 47. Qf3 Nc7 48. c5 Qd8 49. Rd3 Nxd5 50. Rxd4 Nf4+ 51. gxf4 Qxd4 52. fxg5 Qxb4 53. Qf6+ Kg8 54. Qxe5 Qxa5 55. h4 Qd8 56. h5 Qf8 57. h6 f6 58. gxf6 Qxh6 59. Qe6+ Kf8 60. Qe7+ 1-0

[Event "Senta-ch"]
[Site "Senta"]
[Date "2017.02.05"]
[Round "6"]
[White "Simonyi, Zoltan"]
[Black "Mrzic, Branko"]
[Result "1-0"]
[WhiteElo "2213"]
[BlackElo "1908"]
[PlyCount "103"]
[EventDate "2017.01.20"]
[EventType "swiss"]
[EventRounds "9"]
[EventCountry "SRB"]
[SourceTitle "EXT 2018"]
[Source "ChessBase"]
[SourceDate "2017.10.13"]
[SourceVersion "1"]
[SourceVersionDate "2017.10.13"]
[SourceQuality "1"]

1. e4 g6 2. d4 Bg7 3. f4 d5 4. e5 f6 5. Nf3 Nh6 6. c4 c6 7. Nc3 0-0 8. Qb3 e6 9. Bd3 Nd7 10. 0-0 f5 11. Bd2 Re8 12. h3 dxc4 13. Bxc4 Nb6 14. Be2 Nd5 15. Nxd5 exd5 16. Kh2 Nf7 17. Bd3 Qb6 18. Qc2 Bf8 19. Rg1 c5 20. dxc5 Bxc5 21. Rgc1 Be3 22. Bxe3 Qxe3 23. Qd2 Qxd2 24. Nxd2 Bd7 25. Nb3 Rec8 26. Nd4 Nd8 27. Kg3 a6 28. Kf3 Ne6 29. Nxe6 Bxe6 30. Ke3 Kf7 31. Kd4 Ke7 32. Be2 Rab8 33. a3 Bd7 34. Bf3 Bc6 35. Rc5 b6 36. Rc3 Bb7 37. Rac1 Kd7 38. Rxc8 Rxc8 39. Rxc8 Bxc8 40. Bxd5 Ke7 41. b4 Bd7 42. Bc4 Bc8 43. a4 Bd7 44. a5 bxa5 45. bxa5 Bc6 46. Bd5 Bb5 47. Kc5 Kd7 48. Kb6 h6 49. h4 Bd3 50. Bf7 Ke7 51. Bxg6 Ke6 52. g4 1-0

[Event "Senta-ch"]
[Site "Senta"]
[Date "2017.01.22"]
[Round "3"]
[White "Olajos, Gyozo"]
[Black "Mrzic, Branko"]
[Result "0-1"]
[WhiteElo "1638"]
[BlackElo "1908"]
[PlyCount "106"]
[EventDate "2017.01.20"]
[EventType "swiss"]
[EventRounds "9"]
[EventCountry "SRB"]
[SourceTitle "EXT 2018"]
[Source "ChessBase"]
[SourceDate "2017.10.13"]
[SourceVersion "1"]
[SourceVersionDate "2017.10.13"]
[SourceQuality "1"]

1. e4 c6 2. Nf3 d5 3. exd5 cxd5 4. Bb5+ Nc6 5. d4 a6 6. Be2 Nf6 7. h3 Bf5 8. a3 h6 9. 0-0 e6 10. Nc3 b5 11. Bd3 Bxd3 12. Qxd3 Qc7 13. Re1 b4 14. Ne2 Bd6 15. a4 0-0 16. Be3 Ne4 17. c3 Na5 18. Nd2 Nf6 19. Rac1 Qb7 20. Bf4 Bxf4 21. Nxf4 Rfc8 22. Re3 Rc6 23. Qe2 Rac8 24. Rg3 bxc3 25. bxc3 Qb2 26. Nd3 Qa3 27. Qe5 Ne8 28. Re1 Rxc3 29. Ree3 Qxa4 30. Qf4 Qd1+ 31. Nf1 Qh5 32. Re5 g5 33. Rexg5+ hxg5 34. Rxg5+ Qxg5 35. Qxg5+ Kf8 36. Ne5 R3c7 37. Ne3 Nc4 38. h4 Ned6 39. h5 Ne4 40. Qf4 Ncd6 41. g4 Ke7 42. g5 Rg8 43. g6 fxg6 44. Nxg6+ Kd7 45. Ng4 Kc6 46. N4e5+ Kb7 47. h6 Nf5 48. Kh2 Rh7 49. f3 Rxh6+ 50. Kg1 Rhxg6+ 51. Nxg6 Rxg6+ 52. Kf1 Neg3+ 53. Kf2 Rh6 0-1

[Event "Senta-ch"]
[Site "Senta"]
[Date "2017.01.20"]
[Round "1"]
[White "Rozsa, Sandor S"]
[Black "Mrzic, Branko"]
[Result "0-1"]
[WhiteElo "1475"]
[BlackElo "1908"]
[PlyCount "78"]
[EventDate "2017.01.20"]
[EventType "swiss"]
[EventRounds "9"]
[EventCountry "SRB"]
[SourceTitle "EXT 2018"]
[Source "ChessBase"]
[SourceDate "2017.10.13"]
[SourceVersion "1"]
[SourceVersionDate "2017.10.13"]
[SourceQuality "1"]

1. e4 e6 2. d4 d5 3. e5 c5 4. Bb5+ Bd7 5. Bxd7+ Nxd7 6. Be3 Ne7 7. Nf3 Nf5 8. 0-0 Nxe3 9. fxe3 Be7 10. Nc3 a6 11. b3 Qc7 12. Ne2 0-0 13. c3 b5 14. Rc1 Qb6 15. Qd2 a5 16. Rc2 f6 17. exf6 Nxf6 18. Ng3 Bd6 19. Qe1 Qc7 20. Nd2 Ng4 21. Rf3 Rxf3 22. gxf3 Nh6 23. Ndf1 Qf7 24. Qe2 c4 25. Kg2 Re8 26. f4 Qg6 27. bxc4 bxc4 28. Rb2 Nf5 29. Qh5 Qxh5 30. Nxh5 Bf8 31. Rb5 a4 32. Kf3 Nd6 33. Rb6 Ne4 34. Rb2 Nxc3 35. Rg2 Kf7 36. Rc2 Nb5 37. Rb2 c3 38. Rxb5 c2 39. Rb7+ Re7 0-1

[Event "Senta op 20th"]
[Site "Senta"]
[Date "2016.07.29"]
[Round "9"]
[White "Mrzic, Branko"]
[Black "Pajzer, Istvan"]
[Result "1-0"]
[WhiteElo "1878"]
[BlackElo "2112"]
[PlyCount "89"]
[EventDate "2016.07.22"]
[EventType "swiss"]
[EventRounds "9"]
[EventCountry "SRB"]
[SourceTitle "EXT 2017"]
[Source "ChessBase"]
[SourceDate "2016.10.25"]
[SourceVersion "1"]
[SourceVersionDate "2016.10.25"]
[SourceQuality "1"]

1. e4 c5 2. d3 g6 3. f4 Bg7 4. Nf3 e6 5. Be2 Nc6 6. c3 Nge7 7. 0-0 0-0 8. Be3 b6 9. Qc2 e5 10. Nbd2 d5 11. fxe5 Nxe5 12. Nxe5 Bxe5 13. Bh6 Bg7 14. Bxg7 Kxg7 15. Bf3 f5 16. e5 Be6 17. d4 Rc8 18. Qa4 Qc7 19. Rac1 cxd4 20. cxd4 Qxc1 21. Rxc1 Rxc1+ 22. Kf2 Rc7 23. Be2 g5 24. Bd3 g4 25. g3 h5 26. Qb4 Kf7 27. Nb1 h4 28. Nc3 hxg3+ 29. hxg3 Rh8 30. Ke3 Rh3 31. Ne2 Ng6 32. Qe1 Rc8 33. Nf4 Nxf4 34. Kxf4 Kg6 35. Qb4 Re8 36. Bb5 Rg8 37. Qe7 Bc8 38. Be8+ Kh6 39. Bf7 Rg7 40. Qf8 Kh7 41. Bxd5 Rh2 42. Qxc8 Rf2+ 43. Ke3 Rf1 44. Qe8 f4+ 45. gxf4 1-0

[Event "Senta op 20th"]
[Site "Senta"]
[Date "2016.07.25"]
[Round "5"]
[White "Mrzic, Branko"]
[Black "Petrovic, Tamara"]
[Result "0-1"]
[WhiteElo "1878"]
[BlackElo "1741"]
[PlyCount "46"]
[EventDate "2016.07.22"]
[EventType "swiss"]
[EventRounds "9"]
[EventCountry "SRB"]
[SourceTitle "EXT 2017"]
[Source "ChessBase"]
[SourceDate "2016.10.25"]
[SourceVersion "1"]
[SourceVersionDate "2016.10.25"]
[SourceQuality "1"]

1. e4 c5 2. b3 d6 3. Bb2 e6 4. d4 cxd4 5. Qxd4 Nf6 6. Bb5+ Bd7 7. Bxd7+ Qxd7 8. Nc3 Nc6 9. Qd2 Be7 10. 0-0-0 a6 11. f3 Rd8 12. Nge2 Qc7 13. f4 d5 14. e5 Nd7 15. Qd3 Rc8 16. Kb1 b5 17. Rc1 Qa5 18. Nd4 Nb4 19. Qe3 Rxc3 20. a3 Rxe3 21. axb4 Qxb4 22. Nc6 Qd2 23. Bd4 Re2 0-1

[Event "Senta op 20th"]
[Site "Senta"]
[Date "2016.07.23"]
[Round "3"]
[White "Mrzic, Branko"]
[Black "Nagy Abonyi, Arnold"]
[Result "1-0"]
[WhiteElo "1878"]
[BlackElo "1355"]
[PlyCount "63"]
[EventDate "2016.07.22"]
[EventType "swiss"]
[EventRounds "9"]
[EventCountry "SRB"]
[SourceTitle "EXT 2017"]
[Source "ChessBase"]
[SourceDate "2016.10.25"]
[SourceVersion "1"]
[SourceVersionDate "2016.10.25"]
[SourceQuality "1"]

1. d4 e6 2. Nf3 h6 3. c4 c6 4. Nc3 Nf6 5. e4 Bb4 6. Qc2 Bxc3+ 7. bxc3 d5 8. e5 Nh7 9. h4 0-0 10. Bd3 f5 11. exf6 Nxf6 12. Ne5 dxc4 13. Bxc4 b5 14. Bb3 a5 15. Qg6 Qe8 16. Bc2 Qxg6 17. Nxg6 Re8 18. 0-0 Ra7 19. a4 Ba6 20. Re1 b4 21. cxb4 axb4 22. Bb3 Nd5 23. Bd2 Bd3 24. Nf4 Nxf4 25. Bxf4 Rb7 26. Bxe6+ Kh8 27. Bb3 Rxe1+ 28. Rxe1 Na6 29. Re8+ Kh7 30. h5 g6 31. Bg8+ Kg7 32. Be5# 1-0

[Event "Subotica-ch op"]
[Site "Subotica"]
[Date "2016.03.11"]
[Round "9"]
[White "Mrzic, Branko"]
[Black "Nagy, Attila"]
[Result "1/2-1/2"]
[WhiteElo "1861"]
[BlackElo "2237"]
[PlyCount "55"]
[EventDate "2016.02.22"]
[EventType "swiss"]
[EventRounds "9"]
[EventCountry "SRB"]
[SourceTitle "CBM 171 Extra"]
[Source "ChessBase"]
[SourceDate "2016.04.26"]
[SourceVersion "1"]
[SourceVersionDate "2016.04.26"]
[SourceQuality "1"]

1. e4 c5 2. d4 cxd4 3. Nf3 Nc6 4. Nxd4 Nf6 5. Nc3 d6 6. Be2 g6 7. 0-0 Bg7 8. Be3 0-0 9. h3 Bd7 10. Qd2 Rc8 11. f4 a6 12. Bf3 b5 13. Nce2 Qc7 14. Nb3 Rfd8 15. Rad1 a5 16. c3 a4 17. Nbc1 Na5 18. b3 Bc6 19. Qd3 Nb7 20. Qb1 axb3 21. Nxb3 Na5 22. Nxa5 Qxa5 23. Bd4 Nd7 24. Bg4 Ra8 25. Bxg7 Kxg7 26. Rd2 Nc5 27. Bf3 Na4 28. Rc1 1/2-1/2

[Event "Subotica-ch op"]
[Site "Subotica"]
[Date "2016.03.07"]
[Round "7"]
[White "Mrzic, Branko"]
[Black "Jelovac, Ivko"]
[Result "1/2-1/2"]
[WhiteElo "1861"]
[BlackElo "1951"]
[PlyCount "50"]
[EventDate "2016.02.22"]
[EventType "swiss"]
[EventRounds "9"]
[EventCountry "SRB"]
[SourceTitle "CBM 171 Extra"]
[Source "ChessBase"]
[SourceDate "2016.04.26"]
[SourceVersion "1"]
[SourceVersionDate "2016.04.26"]
[SourceQuality "1"]

1. e4 c5 2. d3 d6 3. g3 Nc6 4. Bg2 Nf6 5. Nd2 g6 6. Ngf3 Bg7 7. 0-0 0-0 8. Nc4 b5 9. Ne3 Rb8 10. Nh4 e5 11. h3 Nh5 12. Nd5 Be6 13. Kh2 Ne7 14. c4 Nxd5 15. cxd5 Bd7 16. Bf3 Nf6 17. Be3 h6 18. Qd2 Kh7 19. b4 Qc8 20. Bg2 c4 21. Bxa7 Ra8 22. Be3 Ra3 23. dxc4 bxc4 24. Rfd1 c3 25. Qe2 Qb7 1/2-1/2

[Event "Subotica-ch op"]
[Site "Subotica"]
[Date "2016.03.02"]
[Round "5"]
[White "Mrzic, Branko"]
[Black "Engi, Igor"]
[Result "1-0"]
[WhiteElo "1861"]
[BlackElo "1640"]
[PlyCount "73"]
[EventDate "2016.02.22"]
[EventType "swiss"]
[EventRounds "9"]
[EventCountry "SRB"]
[SourceTitle "CBM 171 Extra"]
[Source "ChessBase"]
[SourceDate "2016.04.26"]
[SourceVersion "1"]
[SourceVersionDate "2016.04.26"]
[SourceQuality "1"]

1. Nf3 c5 2. g3 d6 3. Bg2 Nf6 4. b3 g6 5. Bb2 Bg7 6. 0-0 0-0 7. d3 Nc6 8. Nbd2 Bg4 9. h3 Bd7 10. e4 Qc8 11. g4 h5 12. g5 Ne8 13. Bxg7 Kxg7 14. Kh2 Nc7 15. Ng1 Ne6 16. f4 Ned4 17. c3 Nb5 18. Rc1 e6 19. Nc4 Ne7 20. a4 d5 21. axb5 dxc4 22. dxc4 Rd8 23. Qd6 Ng8 24. Rcd1 a6 25. b6 a5 26. Qc7 Ne7 27. Nf3 Nc6 28. Ne5 Nxe5 29. Qxe5+ Kf8 30. Qf6 Ra6 31. Rd6 Ke8 32. Rfd1 a4 33. bxa4 Rxa4 34. f5 gxf5 35. exf5 exf5 36. Bd5 Be6 37. Bc6+ 1-0

[Event "Subotica-ch op"]
[Site "Subotica"]
[Date "2016.02.26"]
[Round "3"]
[White "Mrzic, Branko"]
[Black "Jovanovic, Milan B"]
[Result "0-1"]
[WhiteElo "1861"]
[BlackElo "2017"]
[PlyCount "58"]
[EventDate "2016.02.22"]
[EventType "swiss"]
[EventRounds "9"]
[EventCountry "SRB"]
[SourceTitle "CBM 171 Extra"]
[Source "ChessBase"]
[SourceDate "2016.04.26"]
[SourceVersion "1"]
[SourceVersionDate "2016.04.26"]
[SourceQuality "1"]

1. Nf3 f5 2. e4 fxe4 3. Ng5 Nf6 4. d3 e3 5. Bxe3 e5 6. f4 Qe7 7. Be2 Qb4+ 8. Bd2 Qxb2 9. Nc3 exf4 10. Rb1 Qa3 11. Nge4 Nxe4 12. Nxe4 Be7 13. 0-0 d5 14. Rb3 Qa4 15. Nc3 Qd4+ 16. Kh1 0-0 17. Nb5 Qb6 18. Bxf4 Rxf4 19. Rxf4 a6 20. Nc3 Qh6 21. Qf1 Bd6 22. g3 Bxf4 23. Qxf4 Qxf4 24. gxf4 c6 25. Na4 Nd7 26. Bg4 b5 27. Bxd7 bxa4 28. Bxc6 axb3 29. Bxd5+ Kf8 0-1

[Event "Subotica-ch op"]
[Site "Subotica"]
[Date "2016.02.24"]
[Round "2"]
[White "Lorincz, Laszlo"]
[Black "Mrzic, Branko"]
[Result "1/2-1/2"]
[WhiteElo "1833"]
[BlackElo "1861"]
[PlyCount "91"]
[EventDate "2016.02.22"]
[EventType "swiss"]
[EventRounds "9"]
[EventCountry "SRB"]
[SourceTitle "CBM 171 Extra"]
[Source "ChessBase"]
[SourceDate "2016.04.26"]
[SourceVersion "1"]
[SourceVersionDate "2016.04.26"]
[SourceQuality "1"]

1. d4 e6 2. Nf3 b6 3. e3 Bb7 4. Bd3 Nf6 5. a3 g6 6. Qe2 Ne4 7. Nbd2 d5 8. c4 f5 9. cxd5 exd5 10. Ne5 Bg7 11. Ndf3 0-0 12. 0-0 c5 13. Qc2 Qe7 14. b3 Rc8 15. Qd1 Nd7 16. Nxd7 Qxd7 17. Bb2 Qe6 18. Qe2 c4 19. bxc4 dxc4 20. Bc2 Bd5 21. a4 c3 22. Ba3 h6 23. h3 g5 24. Kh2 Nf6 25. Ne5 Ne4 26. Nf3 Bf6 27. Rfc1 Rc7 28. Bd3 Bc4 29. Ne1 Bxd3 30. Nxd3 Rac8 31. Rc2 Qb3 32. Raa2 a5 33. Nc1 Qc4 34. Qd3 Qd5 35. Ne2 Qc4 36. Nc1 Qxd3 37. Nxd3 Kf7 38. f3 Nd2 39. Kg3 Rc4 40. Bc1 Nb3 41. Ra3 Nxc1 42. Nxc1 Be7 43. Raa2 Bd6+ 44. Kf2 f4 45. Ne2 fxe3+ 46. Kxe3 1/2-1/2

[Event "Senta-ch"]
[Site "Senta"]
[Date "2016.01.24"]
[Round "3"]
[White "Mrzic, Branko"]
[Black "Jankov, Danijel"]
[Result "1-0"]
[WhiteElo "1861"]
[BlackElo "1577"]
[PlyCount "57"]
[EventDate "2016.01.22"]
[EventType "swiss"]
[EventRounds "9"]
[EventCountry "SRB"]
[SourceTitle "CBM 170 Extra"]
[Source "ChessBase"]
[SourceDate "2016.02.25"]
[SourceVersion "1"]
[SourceVersionDate "2016.02.25"]
[SourceQuality "1"]

1. f4 d5 2. Nf3 c5 3. g3 Bf5 4. Bg2 Nc6 5. 0-0 e6 6. c3 Nf6 7. d3 Bd6 8. h3 Qc7 9. Nbd2 0-0 10. Nh4 Bg6 11. e4 dxe4 12. dxe4 Nh5 13. Qe1 Rad8 14. Ndf3 Be7 15. Nxg6 hxg6 16. e5 g5 17. fxg5 g6 18. g4 Nxe5 19. gxh5 Nd3 20. Qh4 c4 21. hxg6 fxg6 22. Qe4 Bc5+ 23. Be3 Bxe3+ 24. Qxe3 Nf4 25. Rad1 Rd3 26. Rxd3 cxd3 27. Kh1 Qd6 28. Nd2 e5 29. Ne4 1-0

[Event "Senta-ch"]
[Site "Senta"]
[Date "2016.01.22"]
[Round "1"]
[White "Mrzic, Branko"]
[Black "Meszaros, Csaba"]
[Result "1-0"]
[WhiteElo "1861"]
[BlackElo "1364"]
[PlyCount "67"]
[EventDate "2016.01.22"]
[EventType "swiss"]
[EventRounds "9"]
[EventCountry "SRB"]
[SourceTitle "CBM 170 Extra"]
[Source "ChessBase"]
[SourceDate "2016.02.25"]
[SourceVersion "1"]
[SourceVersionDate "2016.02.25"]
[SourceQuality "1"]

1. c3 d6 2. e4 e5 3. d4 g6 4. Bc4 Bg7 5. Be3 b6 6. Nd2 Bb7 7. f3 d5 8. Bd3 Nc6 9. Ne2 Nf6 10. 0-0 0-0 11. Nb3 Re8 12. Ng3 exd4 13. cxd4 Nb4 14. e5 Nd7 15. f4 f6 16. Qd2 Nxd3 17. Qxd3 Qe7 18. Rac1 Rac8 19. f5 g5 20. e6 Nb8 21. Qd2 Ba6 22. Rfe1 Bc4 23. Na1 Na6 24. b3 Bb5 25. Nc2 Red8 26. h4 gxh4 27. Nh5 c5 28. Bh6 cxd4 29. Bxg7 d3 30. Nd4 Qe8 31. Nxf6+ Kxg7 32. Nxe8+ Rxe8 33. Nxb5 Kf6 34. Nd6 1-0

[Event "Senta op 19th"]
[Site "Senta"]
[Date "2015.07.13"]
[Round "4"]
[White "Bernath, Robert"]
[Black "Mrzic, Branko"]
[Result "1-0"]
[WhiteElo "2049"]
[BlackElo "1877"]
[PlyCount "115"]
[EventDate "2015.07.11"]
[EventType "swiss"]
[EventRounds "9"]
[EventCountry "SRB"]
[SourceTitle "EXT 2016"]
[Source "ChessBase"]
[SourceDate "2015.10.08"]
[SourceVersion "1"]
[SourceVersionDate "2015.10.08"]
[SourceQuality "1"]

1. e4 d6 2. d4 Nf6 3. Nc3 Nbd7 4. f4 e5 5. Nf3 Be7 6. Bc4 0-0 7. 0-0 exd4 8. Nxd4 d5 9. Nxd5 Nxd5 10. Bxd5 Nf6 11. Nb3 c6 12. Bc4 Qb6+ 13. Kh1 Nxe4 14. Qe2 Nd6 15. Be3 Qc7 16. Bd3 Bf5 17. Rad1 Bxd3 18. Rxd3 Nc4 19. Bc1 Bf6 20. c3 Nb6 21. f5 Nd5 22. c4 Rfe8 23. Qh5 Ne7 24. Rh3 Kf8 25. Qxh7 Ng8 26. Rhf3 Re4 27. Bf4 Qe7 28. c5 Rd8 29. Qh3 Be5 30. Bxe5 Qxe5 31. Rd3 Rxd3 32. Qxd3 Qd5 33. Qg3 Qe5 34. Qxe5 Rxe5 35. Kg1 Re2 36. Rb1 Nf6 37. Na5 Re7 38. b4 Re2 39. a3 Ra2 40. Nc4 Nd5 41. Rb2 Ra1+ 42. Kf2 b6 43. b5 cxb5 44. Rxb5 Nc7 45. cxb6 axb6 46. Rxb6 Nd5 47. Rb7 f6 48. Ra7 Nc3 49. Kf3 Nb5 50. Ra8+ Ke7 51. a4 Nd4+ 52. Ke4 Nc6 53. Kd5 Kd7 54. Kc5 Kc7 55. Rg8 Ne5 56. Nxe5 fxe5 57. Rxg7+ Kb8 58. f6 1-0